000 00489nam a2200169 a 4500
001 000039510
005 20201002031703.0
008 130704s19uu sp 000 0 spa d
020 _a8460431908
040 _aDO-SdBNP
_bspa
_cBNPHU
082 _axxx
_bM425c
100 1 _aMateu, Gregorio
_947487
245 1 0 _a¿Cómo educar a nuestrso hijos en esta sociedad? /
_cGregorio Mateu.
250 _a3a ed.
260 _aSanto Domingo :
_bEdiciones Vitesa,
_c[199u].
300 _a82 p. ;
_c20 cm.
999 _c39000
_d39000